000 00439nam a2200181Ia 4500
001 19362
005 20260306172647.0
008 260306t2017||||xx |||||||||||||| ||spa||
041 _aESP
082 _a658.84
_bC65M
100 _aCisneros Canlla, Edson David
_eAUT
245 0 _aMarketing y ventas por internet
260 _c2017
300 _a231 páginas :
_c25 cm.
650 _aGEN
654 _aCAN
942 _cLIB
_dJUS
_fJUS
_2ddc
_n
999 _c19362
_d19362